Les romans de... Fred Vargas - Statistiques

Statistiques générales
  • Ce quiz a été pris 36 fois
  • Le résultat moyen est 6 sur 14
Statistiques - réponses
Date de parution Titre % Correct
2001 Pars vite et reviens tard
76%
1991 L'Homme aux cercles bleus
72%
1999 L'Homme à l'envers
59%
2017 Quand sort la recluse
59%
2004 Sous les vents de Neptune
59%
2011 L'Armée furieuse
55%
2015 Temps glaciaires
45%
1994 Ceux qui vont mourir te saluent
41%
1995 Debout les morts
34%
2006 Dans les bois éternels
31%
1997 Sans feu ni lieu
28%
2008 Un lieu incertain
28%
1986 Les Jeux de l'amour et de la mort
17%
1996 Un peu plus loin sur la droite
17%
Aucun quiz correspondant
Distribution des résultats
% des personnes avec chaque résultat
Percentile par nombre de réponses
Votre historique - résultats
Vous n’avez pas pris ce quiz